| Tag |
First Indicator |
Second Indicator |
Subfields |
| LEADER |
00000cam a2200000 4500 |
| 001 |
in00000053559 |
| 005 |
20151008050314.0 |
| 008 |
720222s1950 nyu b 00000 eng u |
| 010 |
|
|
|a 50011728
|
| 035 |
|
|
|a (OCoLC)00245774
|
| 035 |
|
|
|9 AAG0360AM
|
| 040 |
|
|
|c YNG
|d OCL
|d TXA
|d UtOrBLW
|
| 049 |
|
|
|a TXAM
|c [197622]
|
| 050 |
|
0 |
|a F970
|b .P7
|
| 092 |
|
|
|a 325.373
|b P915a
|
| 100 |
1 |
|
|a Pratt, Julius William,
|d 1888-
|
| 245 |
1 |
0 |
|a America's colonial experiment ;
|b how the United States gained, governed, and in part gave away a colonial empire.
|
| 264 |
|
1 |
|a New York :
|b Prentice-Hall,
|c 1950.
|
| 300 |
|
|
|a xi, 460 pages :
|b maps.
|
| 336 |
|
|
|a text
|b txt
|2 rdacontent
|
| 337 |
|
|
|a unmediated
|b n
|2 rdamedia
|
| 338 |
|
|
|a volume
|b nc
|2 rdacarrier
|
| 504 |
|
|
|a Bibliographical references included in "Footnotes" [pages 391-441].
|
| 650 |
|
0 |
|a Imperialism.
|
| 651 |
|
0 |
|a United States
|x Insular possessions.
|
| 999 |
|
|
|a MARS
|
| 999 |
f |
f |
|s 10c9b716-a78d-3fa3-b48a-48ebc0c11885
|i 2bd294c1-15e0-3034-a291-1f2285f8e6ed
|t 0
|
| 952 |
f |
f |
|p normal
|a Texas A&M University
|b College Station
|c Sterling C. Evans Library
|d Evans: Library Stacks
|t 0
|e F970 .P7
|h Library of Congress classification
|i unmediated -- volume
|m A14800671688
|
| 998 |
f |
f |
|a F970 .P7
|t 0
|l Evans: Library Stacks
|